Central Library OPAC University of Rajshahi

The Panchatantra : (Record no. 60690)

MARC details
000 -LEADER
fixed length control field 00670nam a2200217 a 4500
001 - CONTROL NUMBER
control field 60690
003 - CONTROL NUMBER IDENTIFIER
rucl marc code BD-RjUL
005 - DATE AND TIME OF LATEST TRANSACTION
control field 20211209080854.0
008 - FIXED-LENGTH DATA ELEMENTS--GENERAL INFORMATION
fixed length control field 140424t19581956mau b 000 0 san d
035 ## - SYSTEM CONTROL NUMBER
System control number (BD-RjUL)60814
040 ## - CATALOGING SOURCE
Original cataloging agency DLC
Transcribing agency BAT
Modifying agency OCL
-- BD-RjUL
Language of cataloging eng
041 0# - LANGUAGE CODE
Language code of text/sound track or separate title eng
082 04 - DEWEY DECIMAL CLASSIFICATION NUMBER
Classification number 294.5
Author mark and year PAN 1958
Edition number 23
100 10 - MAIN ENTRY--PERSONAL NAME
Personal name Hertel, Johannes
9 (RLIN) 3385
245 04 - TITLE STATEMENT
Title The Panchatantra :
Remainder of title translated form the sanskrit /
Statement of responsibility, etc. translate by Arthur W. Ryder
260 ## - PUBLICATION, DISTRIBUTION, ETC. (IMPRINT)
Place of publication, distribution, etc. Chicago :
Name of publisher, distributor, etc. University of chicagoPress,
Date of publication, distribution, etc. 1956 [impression 1968]
300 ## - PHYSICAL DESCRIPTION
Pagination vii, 470 p. ;
Size 21 cm.
650 17 - SUBJECT ADDED ENTRY--TOPICAL TERM
Topical term or geographic name as entry element Hindusim
9 (RLIN) 98185
700 ## - ADDED ENTRY--PERSONAL NAME
Personal name Ryder, Arthur W. translate by
942 ## - ADDED ENTRY ELEMENTS (KOHA)
Source of classification or shelving scheme Dewey Decimal Classification
Koha item type Books
Holdings
Lost status Source of classification or shelving scheme Damaged status Not for loan Collection code Permanent Location Current Location Shelving location Date acquired Source of acquisition Total Checkouts Full call number Date last seen Copy number Koha item type
  Dewey Decimal Classification   Not For Loan Non-fiction Central Library, University of Rajshahi Central Library, University of Rajshahi Reading Room 26/11/1968 Zeitlinger   294.5 PAN 1958 19/02/2017 C-1 Books